000
00315nam a22001457a 4500
003
OSt
005
20160727222352.0
008
160622b xxu||||| |||| 00| 0 eng d
040
_c
Test
100
_9
437
_a
Pai, A
245
_a
Ranak Devi
260
_a
India Book House
_c
1979
300
_a
Ranak Devi
942
_2
ddc
_c
BK
999
_c
359
_d
359